Kvantitatívna makroekonómia

Guardado en:
Detalles Bibliográficos
Autor principal: Mlynarovič, Vladimír
Autor Corporativo: Ekonomická univerzita v Bratislave. Fakulta hospodárskej informatiky
Formato: Libro
Lenguaje:eslovaco
Publicado: Bratislava Vydavateľstvo Ekonóm 1998
Edición:2. vyd.
Materias:
Etiquetas: Agregar Etiqueta
Sin Etiquetas, Sea el primero en etiquetar este registro!

MARC

LEADER 00000nam a2200000 4500
001 c101919
005 20221123133006.1
020 |a 80-225-0986-8 
041 0 |a slo 
044 |a SK 
245 1 0 |a Kvantitatívna makroekonómia  |c Vladimír Mlynarovič 
250 |a 2. vyd. 
264 1 |a Bratislava  |b Vydavateľstvo Ekonóm  |c 1998 
300 |a 303 s. 
610 2 0 |a makroekonomika 
610 2 0 |a účty národné 
610 2 0 |a modely ekonomické 
610 2 0 |a hospodárstvo otvorené 
610 2 0 |a hospodárstvo uzatvorené 
610 2 0 |a politika hospodárska 
100 1 |a Mlynarovič, Vladimír 
710 2 |a Ekonomická univerzita v Bratislave. Fakulta hospodárskej informatiky